Implementing the Recommendations of the World Report on Road Traffic Injury Prevention Country Guidelines for the Conduct of Road Safety Management Capacity Reviews and the Specification of Lead Agency Reforms, Investment Strategies and Safe System Projects / (Record no. 2186)

000 -LEADER
fixed length control field 00536 a2200097 4500
082 ## - DEWEY DECIMAL CLASSIFICATION NUMBER
Classification number 363.125 BLI
100 ## - MAIN ENTRY--PERSONAL NAME
Personal name Bliss, Tony
245 ## - TITLE STATEMENT
Title Implementing the Recommendations of the World Report on Road Traffic Injury Prevention Country Guidelines for the Conduct of Road Safety Management Capacity Reviews and the Specification of Lead Agency Reforms, Investment Strategies and Safe System Projects /
Statement of responsibility, etc. Tony Bliss, Jeanne Breen
260 ## - PUBLICATION, DISTRIBUTION, ETC.
Place of publication, distribution, etc. Washington :
Name of publisher, distributor, etc. The World Bank Global Road Safety Facility,
Date of publication, distribution, etc. 2009
300 ## - PHYSICAL DESCRIPTION
Extent xvi, 307p. :
Other physical details ill. ;
Dimensions 30 cm
650 ## - SUBJECT ADDED ENTRY--TOPICAL TERM
Topical term or geographic name entry element Road safety
Holdings
Withdrawn status Lost status Damaged status Not for loan Permanent Location Current Location Shelving location Date acquired Total Checkouts Full call number Barcode Date last seen Price effective from Koha item type
        School of Civil and Environmental Engineering (SCEE) School of Civil and Environmental Engineering (SCEE)       363.125 BLI NIT-6931 01/05/2017 01/05/2017 Book
© 2023 Central Library, National University of Sciences and Technology. All Rights Reserved.